Original Subdivisions of the Louisiana Purchase with a Map - Statistics

General Stats
  • This quiz has been taken 300 times
  • The average score is 4 of 17
Answers on the Map
Answers color-coded by a green-red scale on the quiz's map according to % correct below.
 
Answer Stats
County % Correct
St. Louis
72%
Orleans
69%
St. Charles
26%
Cape Girardeau
23%
Acadia
20%
Iberville
18%
Lafourche
17%
Natchitoches
17%
New Madrid
17%
Concordia
16%
Opelousas
16%
Ste. Genevieve
15%
Attakapas
14%
Ouachita
14%
Pointe Coupee
14%
Rapides
14%
German Coast
13%
No matching quizzes found
Score Distribution
Percent of People with Each Score
Percentile by Number Answered
Your Score History
You have not taken this quiz